Western European Union

Sábháilte in:
Sonraí bibleagrafaíochta
Príomhchruthaitheoir: Westhof, Jacques
Údar corparáideach: Belgium. Ministry of Foreign Affairs
Formáid: Téacs
Foilsithe / Cruthaithe: Brussels: Guyot
Clibeanna: Cuir clib leis
Níl clibeanna ann, Bí ar an gcéad duine le clib a chur leis an taifead seo!

MARC

LEADER 00000 a a2200000 04500
001 22998
003
040
090 |a 157900  
100 |a Westhof, Jacques  
110 |a Belgium. Ministry of Foreign Affairs  
245 |a Western European Union  
260 |a Brussels:   |b Guyot  
300 |a 20 p.  
999 |c 17156  |d 17156